Detalles MARC
| 000 -LÍDER |
| Campo fijo de descripción fija |
02759nam a2200337 i 4500 |
| 001 - NÚMERO DE CONTROL |
| Campo de control |
768714001 |
| 003 - IDENTIFICADOR DEL NÚMERO DE CONTROL |
| Campo de control |
CO-MdFUSB |
| 005 - FECHA Y HORA DE LA ULTIMA TRANSACCIÓN |
| control field |
20210305160728.0 |
| 007 - CAMPO FIJO DE DESCRIPCIÓN FIJA--INFORMACIÓN GENERAL |
| Campo fijo de descripción fija |
ta |
| 008 - ELEMENTOS DE LONGITUD FIJA -- INFORMACIÓN GENERAL |
| Campo fijo de descripción fija -- Información general |
200602t2004 sp a|||| |||| 00| 0 spa d |
| 020 ## - NÚMERO INTERNACIONAL NORMALIZADO PARA LIBROS |
| Número Internacional Normalizado del libro |
9788432227547 |
| 040 ## - FUENTE DE CATALOGACIÓN |
| Agencia de catalogación original |
CO-MdFUSB |
| Idioma de catalogación |
spa |
| Agencia que realiza la transcripción |
CO-MdFUSB |
| Agencia que realiza la modificación |
CO-MdFUSBC |
| Convenciones de la descripción |
rda |
| 041 ## - CÓDIGO DE IDIOMA |
| Código de idioma para texto/pista de sonido o título separado |
spa |
| 082 ## - NÚMERO DE CLASIFICACIÓN DECIMAL DEWEY |
| Número de la edición del Dewey |
23 |
| Número de clasificación |
895.63 |
| Clave de autor-Numero de item |
O281 |
| 100 ## - ASIENTO PRINCIPAL--NOMBRE PERSONAL |
| Nombre personal |
Ōe, Kenzaburō, |
| Término relacionador |
autor |
| 240 ## - TITULO UNIFORME |
| Título uniforme |
<a href="Chügaeri.">Chügaeri.</a> |
| 245 ## - TÍTULO |
| Título del Material |
Salto mortal |
| Mención de responsabilidad, etc. |
/ Kenzaburo Oé ; traducido por Fernando Rodríguez-Izquierdo Gavala |
| 264 #1 - PRODUCCIÓN, PUBLICACIÓN, DISTRIBUCIÓN, MANUFACTURA, Y COPYRIGHT |
| Lugar de producción, publicación, distribución, manufactura |
Barcelona : |
| Nombre del productor, publicador, distribuidor |
Seix Barral, |
| Fecha de producción, publicación, distribución, manufactura, o copyright |
[2004] |
| 264 #4 - PRODUCCIÓN, PUBLICACIÓN, DISTRIBUCIÓN, MANUFACTURA, Y COPYRIGHT |
| Fecha de producción, publicación, distribución, manufactura, o copyright |
© 2004 |
| 300 ## - DESCRIPCIÓN FÍSICA |
| Extensión |
822 páginas |
| Dimensiones |
; 24 cm |
| 336 ## - TIPO DE CONTENIDO |
| Fuente |
rdacontent |
| Término de tipo de contenido |
texto |
| Código de tipo de contenido |
txt |
| 337 ## - TIPO DE MEDIO |
| Fuente |
rdamedia |
| Nombre del tipo de medio |
sin mediación |
| Código del tipo de medio |
n |
| 338 ## - TIPO DE SOPORTE |
| Fuente |
rdacarrier |
| Nombre del tipo de soporte |
volumen |
| Código Tipo de soporte |
nc |
| 490 ## - MENCIÓN DE SERIE |
| Mención de serie |
Biblioteca Formentor |
| 505 ## - NOTA DE CONTENIDO |
| Nota de contenido con formato preestablecido |
<br/>Se trata de la primera entrega de Oe Kenzaburo (1935) en la editorial Seix Barral (Biblioteca Formentor), acontecimiento digno de celebración entre los aficionados a la literatura del Nobel (1994) en lengua castellana, acostumbrados como estábamos a las ediciones de Anagrama, y la excepción de Martínez Roca (el ensayo autobiográfico "Un amor especial", repleto de claves para conocer el mundo personal del autor, y publicado en nuestro país en 1998). "Salto mortal" es un paso más en la historia de la búsqueda literaria e intelectual de Oe. Omitimos mencionar referencias concretas a toda su obra anterior. Únicamente a modo de ejemplo, anotamos los motivos de la ‘hondonada’, la granja, el supermercado, las revueltas campesinas, el baile del nenbutsu (baile de los espíritus), los ‘técnicos’, y un largo etcétera, que uniéndose a otros temas demuestran que, por contra del excesivo énfasis que la crítica ha puesto en los aspectos novedosos de la novela, no se trata de un punto y aparte en la novelística de Oe, sino más bien el eslabón final (por ahora) de una larga tarea de construcción de un mundo con sus propios referentes internos, y por ello tanto más apasionante para los lectores habituados a contemplar el proceso de cómo se ha ido construyendo. En las entrevistas acerca de la novela Oe insiste en la clave de la esperanza, con la que por cierto ya había concluido "Una cuestión personal". Por diferencia con la reseña recientemente publicada en El País (F. Castanedo “Menos es más” 4/9/2004), "Salto mortal" no es una novela pesimista sobre la violencia sectaria en el Japón actual, el final abre una vía de esperanza a las formas renovadas de energía física y espiritual en los nuevos muchachos líderes de la secta. |
| 563 ## - NOTA DE ENCUADERNACIÓN |
| Nota de encuadernación |
Rústico |
| 653 ## - TÉRMINO DE INDIZACIÓN - NO CONTROLADO |
| Término no controlado |
Novela Japonesa |
| 700 ## - ASIENTO SECUNDARIO - NOMBRE PERSONAL |
| 9 (RLIN) |
4071 |
| Nombre personal |
Rodríguez-Izquierdo y Gavala, Fernando, |
| Responsabilidad |
traductor |
| 942 ## - TIPO DE MATERIAL (KOHA) |
| Tipo de Item KOHA |
Libros General |
| 945 ## - INFORMACIÓN LOCAL DEL REGISTRO |
| Catalogador |
JTF-925 |